[Event "Lille Luce op 6th"]
[Site "Lille"]
[Date "2015.05.04"]
[Round "1"]
[White "Petit, Michel"]
[Black "Duee, Paul"]
[Result "0-1"]
[WhiteElo "1298"]
[BlackElo "1650"]
[PlyCount "70"]
[EventDate "2015.05.04"]
[EventType "swiss"]
[EventRounds "9"]
[EventCountry "FRA"]
[SourceTitle "EXT 2017"]
[Source "ChessBase"]
[SourceDate "2016.10.25"]
[SourceVersion "1"]
[SourceVersionDate "2016.10.25"]
[SourceQuality "1"]

1. c4 e5 2. g3 Nf6 3. Bg2 Nc6 4. Nc3 d6 5. a3 Be6 6. d3 Be7 7. b4 a6 8. Bd2 d5 9. b5 axb5 10. Nxb5 dxc4 11. Qc1 Bd5 12. e4 Be6 13. dxc4 0-0 14. Ne2 Qd3 15. Qc3 Bxc4 16. Qxd3 Bxd3 17. Nxc7 Rxa3 18. Rxa3 Bxa3 19. Nd5 Nxe4 20. Bc3 Rd8 21. Ne3 Nxc3 22. Nxc3 Bb4 23. Ned1 e4 24. Bf1 Ne5 25. Bxd3 exd3 26. 0-0 d2 27. Ne4 f5 28. Ng5 h6 29. Ne6 Rc8 30. f4 Nd3 31. Nd4 Bc5 32. Kg2 Bxd4 33. Kh3 Rc1 34. g4 Nf2+ 35. Nxf2 Rxf1 0-1

[Event "Narbonne op 10th"]
[Site "Narbonne"]
[Date "2008.??.??"]
[Round "7"]
[White "Petit, Michel"]
[Black "Boyd, Christopher"]
[Result "1-0"]
[WhiteElo "1360"]
[BlackElo "1110"]
[PlyCount "67"]
[EventDate "2008.05.08"]
[EventType "swiss"]
[EventRounds "7"]
[EventCountry "FRA"]
[SourceTitle "CBM 124 Extra"]
[Source "ChessBase"]
[SourceDate "2008.07.03"]
[SourceVersion "1"]
[SourceVersionDate "2008.07.03"]
[SourceQuality "1"]

1. c4 e5 2. g3 Bc5 3. Bg2 Nc6 4. Nc3 Nf6 5. a3 0-0 6. b4 Bd4 7. Bb2 d5 8. c5 Ng4 9. e3 Bxc3 10. dxc3 d4 11. cxd4 exd4 12. exd4 Qf6 13. Nf3 Re8+ 14. Kf1 Be6 15. h3 Nh6 16. Ne5 Nf5 17. Qf3 Bd5 18. Qf4 Rad8 19. g4 Nfxd4 20. Qxf6 gxf6 21. Nxc6 Bxc6 22. Bxc6 Nxc6 23. Bxf6 Rd3 24. Kg2 Nd4 25. Bxd4 Rxd4 26. Rhe1 Red8 27. Re7 R4d7 28. Rae1 c6 29. f4 Rd2+ 30. Kg1 R8d3 31. R7e3 Rd4 32. f5 R2d3 33. f6 Rd5 34. Re8# 1-0